| 000 | 00555nam a2200133 a 4500 | ||
|---|---|---|---|
| 001 | 000038729 | ||
| 005 | 20201002031342.0 | ||
| 008 | 130419s2012 dr ad 000 0 spa d | ||
| 040 |
_aDO-SdBNP _bspa _cBNPHU |
||
| 100 | 1 |
_aMejía Santana, Julio César _965035 |
|
| 245 | 1 | 0 |
_aEmpleo y desempleo en República Dominicana : _bla controversia de las cifras oficiles / _cJulio César Mejía Santana. |
| 260 |
_aSanto Domingo : _bInstituto de Estadisticas y Estudios Interdisciplinarios para el Desarrollo (IDEE), _c2012. |
||
| 300 |
_a238 p. : _bil., gráfs. ; _c27 cm. |
||
| 999 |
_c38219 _d38219 |
||